[Event "Bundesliga 2425"]
[Site "Germany"]
[Date "2025.03.24"]
[Round "12.4"]
[White "Loxine, Jakov"]
[Black "Naumann, Alexander"]
[Result "1/2-1/2"]
[WhiteElo "2395"]
[BlackElo "2487"]
[PlyCount "50"]
[EventDate "2024.09.28"]
[EventType "team-tourn"]
[EventRounds "15"]
[EventCountry "GER"]
[SourceTitle "CB13_2025"]
[SourceDate "2025.03.26"]
[SourceVersion "1"]
[SourceVersionDate "2025.03.26"]
[SourceQuality "1"]
[WhiteTeam "Dresden TU"]
[BlackTeam "Solingen"]
[WhiteTeamCountry "GER"]
[BlackTeamCountry "GER"]

1. Nf3 d5 2. g3 g6 3. Bg2 Bg7 4. d4 Nf6 5. 0-0 0-0 6. c3 Nc6 7. Nbd2 Re8 8. b4 a6 9. Bb2 Bf5 10. Nh4 Be6 11. h3 Ne4 12. Kh2 f5 13. f4 Na7 14. e3 Nb5 15. Bxe4 fxe4 16. f5 Bxf5 17. Nxf5 gxf5 18. c4 dxc4 19. Nxc4 e6 20. g4 Nd6 21. Ne5 Qg5 22. Rf4 h5 23. gxf5 Nxf5 24. Qg1 Qxg1+ 25. Rxg1 Kh7 1/2-1/2

[Event "Bayern-chI Bank Hofmann 27th"]
[Site "Gmund am Tegernsee"]
[Date "2024.10.29"]
[Round "4"]
[White "Naumann, Alexander"]
[Black "Fruth, David"]
[Result "1/2-1/2"]
[WhiteElo "2487"]
[BlackElo "1966"]
[PlyCount "92"]
[EventDate "2024.10.26"]
[EventType "swiss"]
[EventRounds "9"]
[EventCountry "GER"]
[SourceTitle "CB45_2024"]
[Source "ChessBase"]
[SourceDate "2024.11.06"]
[SourceVersion "1"]
[SourceVersionDate "2024.11.06"]
[SourceQuality "1"]

1. c4 c5 2. Nf3 g6 3. g3 Bg7 4. Bg2 Nc6 5. Nc3 d6 6. 0-0 e5 7. a3 a5 8. Ne1 Be6 9. d3 Nge7 10. Nc2 d5 11. cxd5 Nxd5 12. Ne3 Nb6 13. Na4 Nxa4 14. Qxa4 0-0 15. Bxc6 bxc6 16. Qxc6 Qd4 17. Nc2 Qg4 18. f3 Qh3 19. Ne3 e4 20. fxe4 Bd4 21. Bd2 Qh6 22. Rf4 Rab8 23. Bc1 c4 24. e5 Bxb2 25. Bxb2 Rxb2 26. Nxc4 Rxe2 27. Rh4 Qg5 28. Qf3 Rc2 29. Qf4 Qxf4 30. Rxf4 Bxc4 31. Rxc4 Re2 32. Rf1 Rxe5 33. Rc7 f5 34. Rb1 Rf7 35. Rb8+ Kg7 36. Rbb7 Rxc7 37. Rxc7+ Kf6 38. Rxh7 Re1+ 39. Kf2 Ra1 40. Ke3 Rxa3 41. h4 Ra1 42. Ra7 a4 43. Ra6+ Kf7 44. Ra7+ Kf6 45. Ra6+ Kf7 46. Ra7+ Kf6 1/2-1/2

[Event "Bundesliga 2324"]
[Site "Germany"]
[Date "2024.02.25"]
[Round "11.6"]
[White "Winterberg, Lukas"]
[Black "Naumann, Alexander"]
[Result "1-0"]
[WhiteElo "2410"]
[BlackElo "2498"]
[PlyCount "83"]
[EventDate "2023.10.21"]
[EventType "team-tourn"]
[EventRounds "15"]
[EventCountry "GER"]
[SourceTitle "CBM 218 Extra"]
[Source "ChessBase"]
[SourceDate "2024.03.31"]
[SourceVersion "1"]
[SourceVersionDate "2024.03.31"]
[SourceQuality "1"]
[WhiteTeam "Heimbach Weis Neuwied"]
[BlackTeam "Solingen"]
[WhiteTeamCountry "GER"]
[BlackTeamCountry "GER"]

1. d4 Nf6 2. Nf3 d5 3. c4 e6 4. Nc3 Bb4 5. Qa4+ Nc6 6. a3 Bxc3+ 7. bxc3 Ne4 8. e3 Nxc3 9. Qc2 Ne4 10. Bd3 Na5 11. cxd5 exd5 12. Bxe4 dxe4 13. Qxe4+ Qe7 14. Qxe7+ Kxe7 15. Bd2 Nc4 16. Rc1 Nxd2 17. Kxd2 c6 18. Rb1 f6 19. e4 Rf8 20. g4 h5 21. h3 Rh8 22. Nh4 Kf7 23. Nf5 hxg4 24. hxg4 Rxh1 25. Rxh1 Bxf5 26. gxf5 Rc8 27. f4 c5 28. d5 Re8 29. Kd3 b5 30. Rc1 Rc8 31. e5 Ke7 32. d6+ Kd7 33. Ke4 Kc6 34. Rd1 Rd8 35. e6 Rxd6 36. e7 Rxd1 37. e8Q+ Kb6 38. Qb8+ Ka6 39. Qc7 c4 40. Qxg7 Rd6 41. Qc7 Rb6 42. Kd4 1-0

[Event "Bundesliga 2324"]
[Site "Germany"]
[Date "2024.02.03"]
[Round "7.7"]
[White "Naumann, Alexander"]
[Black "Fromm, Marius"]
[Result "1-0"]
[WhiteElo "2498"]
[BlackElo "2472"]
[PlyCount "81"]
[EventDate "2023.10.21"]
[EventType "team-tourn"]
[EventRounds "15"]
[EventCountry "GER"]
[SourceTitle "CBM 218 Extra"]
[Source "ChessBase"]
[SourceDate "2024.03.31"]
[SourceVersion "1"]
[SourceVersionDate "2024.03.31"]
[SourceQuality "1"]
[WhiteTeam "Solingen"]
[BlackTeam "Kiel Turm"]
[WhiteTeamCountry "GER"]
[BlackTeamCountry "GER"]

1. c4 e5 2. Nc3 Nf6 3. Nf3 Nc6 4. g3 Bb4 5. Nd5 Bc5 6. Bg2 d6 7. 0-0 0-0 8. d3 h6 9. Nxf6+ Qxf6 10. Nd2 Bb6 11. Rb1 a5 12. Ne4 Qd8 13. e3 Bf5 14. a3 Ne7 15. b4 axb4 16. axb4 Qd7 17. c5 Ba7 18. Ra1 d5 19. Nc3 c6 20. d4 e4 21. b5 b6 22. cxb6 Bxb6 23. Ba3 cxb5 24. Qb3 Ba5 25. Bxe7 Bxc3 26. Bxf8 Rxa1 27. Rxa1 Bxa1 28. Bc5 Bh3 29. Bxh3 Qxh3 30. Qa3 Bxd4 31. Bxd4 Qg4 32. Qb3 Qe2 33. h3 Kh7 34. Qxd5 Qd1+ 35. Kg2 Qf3+ 36. Kg1 Qd1+ 37. Kh2 Qf3 38. Qa2 b4 39. Qd2 b3 40. Bb2 h5 41. h4 1-0

[Event "AUT-chT 2223"]
[Site "Austria"]
[Date "2023.03.25"]
[Round "7.2"]
[White "Schwabeneder, Florian"]
[Black "Naumann, Alexander"]
[Result "1/2-1/2"]
[WhiteElo "2414"]
[BlackElo "2504"]
[PlyCount "72"]
[EventDate "2022.11.03"]
[EventType "team-tourn"]
[EventRounds "11"]
[EventCountry "AUT"]
[SourceTitle "CBM 213 Extra"]
[Source "ChessBase"]
[SourceDate "2023.05.31"]
[SourceVersion "1"]
[SourceVersionDate "2023.05.31"]
[SourceQuality "1"]
[WhiteTeam "Grieskirchen"]
[BlackTeam "Maria Saal"]
[WhiteTeamCountry "AUT"]
[BlackTeamCountry "AUT"]

1. Nf3 Nf6 2. g3 g6 3. b3 Bg7 4. Bb2 c5 5. Bg2 0-0 6. 0-0 d6 7. c4 e5 8. d3 Nc6 9. Nc3 h6 10. Nd2 Be6 11. a3 a5 12. Nd5 Rb8 13. Nb1 Ne7 14. Nxe7+ Qxe7 15. Nc3 Qd7 16. Nb5 Bh3 17. b4 Bxg2 18. Kxg2 axb4 19. axb4 b6 20. bxc5 bxc5 21. e3 Nh7 22. Ra7 Qc6+ 23. e4 Rb7 24. Rxb7 Qxb7 25. Bc3 f5 26. f3 Qd7 27. Bd2 Ra8 28. Qb3 Nf6 29. Nc3 Bf8 30. Rb1 Qc6 31. Qb7 Qxb7 32. Rxb7 Rd8 33. h3 Rd7 34. Rb8 Kf7 35. Kf2 Ra7 36. Rb1 Ke6 1/2-1/2

[Event "Bundesliga 2223"]
[Site "Germany"]
[Date "2023.02.26"]
[Round "9.5"]
[White "Pajeken, Jakob Leon"]
[Black "Naumann, Alexander"]
[Result "1/2-1/2"]
[WhiteElo "2461"]
[BlackElo "2513"]
[PlyCount "49"]
[EventDate "2022.10.21"]
[EventType "team-tourn"]
[EventRounds "15"]
[EventCountry "GER"]
[SourceTitle "CBM 213 Extra"]
[Source "ChessBase"]
[SourceDate "2023.05.31"]
[SourceVersion "1"]
[SourceVersionDate "2023.05.31"]
[SourceQuality "1"]
[WhiteTeam "Kiel Turm"]
[BlackTeam "Solingen"]
[WhiteTeamCountry "GER"]
[BlackTeamCountry "GER"]

1. e4 e5 2. Nf3 Nc6 3. Bb5 a6 4. Ba4 Nf6 5. d3 b5 6. Bb3 Bc5 7. Nc3 d6 8. Nd5 h6 9. c3 Be6 10. Nxf6+ Qxf6 11. 0-0 Bxb3 12. axb3 0-0 13. b4 Bb6 14. Be3 Ne7 15. Bxb6 cxb6 16. Qe2 a5 17. d4 exd4 18. cxd4 Nc6 19. bxa5 bxa5 20. e5 Qf4 21. Qxb5 Nxd4 22. Nxd4 Qxd4 23. exd6 Qxd6 24. Rxa5 Rab8 25. Qe5 1/2-1/2

[Event "AUT-chT 2223"]
[Site "Austria"]
[Date "2022.11.05"]
[Round "3.2"]
[White "Baenziger, Fabian"]
[Black "Naumann, Alexander"]
[Result "1/2-1/2"]
[WhiteElo "2426"]
[BlackElo "2504"]
[PlyCount "61"]
[EventDate "2022.11.03"]
[EventType "team-tourn"]
[EventRounds "11"]
[EventCountry "AUT"]
[SourceTitle "EXT 2024"]
[Source "ChessBase"]
[SourceDate "2023.10.10"]
[SourceVersion "1"]
[SourceVersionDate "2023.10.10"]
[SourceQuality "1"]
[WhiteTeam "Hohenems"]
[BlackTeam "Maria Saal"]
[WhiteTeamCountry "AUT"]
[BlackTeamCountry "AUT"]

1. d4 Nf6 2. c4 e6 3. Nf3 d5 4. g3 dxc4 5. Bg2 c5 6. 0-0 Nc6 7. Qa4 Bd7 8. dxc5 Qa5 9. Qxa5 Nxa5 10. Bd2 Nc6 11. Na3 Bxc5 12. Nxc4 0-0 13. Rfd1 Rfd8 14. Rac1 Be8 15. Nfe5 Nxe5 16. Nxe5 Rac8 17. Nd3 b6 18. Nxc5 Rxc5 19. Bc3 Rdc8 20. e4 Bb5 21. f3 Nd7 22. Bf1 Nf8 23. Rd6 Bxf1 24. Kxf1 R5c7 25. Rcd1 f6 26. Ke2 Kf7 27. f4 Ng6 28. Rd7+ Ke8 29. R7d6 Kf7 30. Rd7+ Ke8 31. R7d6 1/2-1/2

[Event "Bundesliga 2122"]
[Site "Germany"]
[Date "2022.07.09"]
[Round "13.3"]
[White "Naumann, Alexander"]
[Black "Amin, Bassem"]
[Result "1/2-1/2"]
[WhiteElo "2514"]
[BlackElo "2683"]
[PlyCount "110"]
[EventDate "2022.03.05"]
[EventType "team-tourn"]
[EventRounds "15"]
[EventCountry "GER"]
[SourceTitle "CBM 209 Extra"]
[Source "ChessBase"]
[SourceDate "2022.09.30"]
[SourceVersion "1"]
[SourceVersionDate "2022.09.30"]
[SourceQuality "1"]
[WhiteTeam "Solingen"]
[BlackTeam "Viernheim"]
[WhiteTeamCountry "GER"]
[BlackTeamCountry "GER"]

1. d4 Nf6 2. c4 g6 3. g3 Bg7 4. Bg2 0-0 5. Nc3 d6 6. Nf3 c6 7. 0-0 Bf5 8. Ne1 e5 9. d5 cxd5 10. cxd5 a5 11. e4 Bd7 12. Nd3 Na6 13. a4 Nb4 14. Qe2 Qe8 15. Re1 h5 16. b3 Rc8 17. Bb2 Bh6 18. Nxb4 axb4 19. Na2 Qd8 20. Bc1 Bxc1 21. Rexc1 Qa5 22. Qd2 b5 23. axb5 Rxc1+ 24. Rxc1 Rb8 25. Qxb4 Qxb4 26. Nxb4 Rxb5 27. Rc4 Kg7 28. f3 h4 29. Kf2 Rb7 30. Nc2 Rxb3 31. Rb4 Rxb4 32. Nxb4 hxg3+ 33. hxg3 Nh5 34. Nc2 f5 35. Na3 Kf7 36. Bf1 Nf6 37. Ke3 Ke7 38. Bb5 Bc8 39. Nc4 g5 40. Na5 Kd8 41. Nc6+ Kc7 42. Ne7 fxe4 43. fxe4 Bh3 44. Ba4 Kb6 45. Ng6 Kc5 46. Bc2 Kc4 47. Nh8 Ng4+ 48. Kd2 Nh6 49. Ng6 Ng8 50. Nf8 Nf6 51. Ne6 g4 52. Bd3+ Kb4 53. Ng7 Bg2 54. Ke3 Kc5 55. Nf5 Bf3 1/2-1/2

[Event "Bundesliga 2122"]
[Site "Germany"]
[Date "2022.07.08"]
[Round "12.3"]
[White "Lamby, Philipp"]
[Black "Naumann, Alexander"]
[Result "1/2-1/2"]
[WhiteElo "2140"]
[BlackElo "2514"]
[PlyCount "115"]
[EventDate "2022.03.05"]
[EventType "team-tourn"]
[EventRounds "15"]
[EventCountry "GER"]
[SourceTitle "CBM 209 Extra"]
[Source "ChessBase"]
[SourceDate "2022.09.30"]
[SourceVersion "1"]
[SourceVersionDate "2022.09.30"]
[SourceQuality "1"]
[WhiteTeam "Aachen"]
[BlackTeam "Solingen"]
[WhiteTeamCountry "GER"]
[BlackTeamCountry "GER"]

1. e4 c5 2. c3 Nf6 3. e5 Nd5 4. d4 cxd4 5. Nf3 Nc6 6. Bc4 Nb6 7. Bb3 d5 8. exd6 Qxd6 9. 0-0 Be6 10. Bxe6 Qxe6 11. Nxd4 Nxd4 12. Qxd4 Rd8 13. Qb4 Qc6 14. Nd2 e6 15. Qg4 h5 16. Qe2 Be7 17. Nf3 Bf6 18. Bg5 Bxg5 19. Nxg5 Rd5 20. f4 Qc4 21. Rae1 Qxe2 22. Rxe2 g6 23. b3 Ke7 24. c4 Rd7 25. f5 gxf5 26. Rxf5 Ke8 27. h4 Nc8 28. c5 Rh6 29. Rf4 Rc7 30. b4 b6 31. Ref2 f5 32. Re2 Kd7 33. Rd4+ Ke7 34. Re5 Rc6 35. Nf3 Kf6 36. Rd7 bxc5 37. b5 Rd6 38. Rc7 Rd1+ 39. Re1 Rxe1+ 40. Nxe1 Rh8 41. Nd3 Nd6 42. Rxc5 Ne4 43. Rc6 Rd8 44. Nf4 Rd1+ 45. Kh2 Ke5 46. Nxh5 Nf2 47. g3 Ng4+ 48. Kg2 Rd2+ 49. Kg1 Ke4 50. Nf6+ Nxf6 51. Rxe6+ Kf3 52. Rxf6 Kxg3 53. Rxf5 Rxa2 54. h5 Rg2+ 55. Kf1 Rh2 56. Ke1 Kg4 57. Rc5 Kf4 58. Rc7 1/2-1/2

[Event "Bundesliga 2122"]
[Site "Germany"]
[Date "2022.04.09"]
[Round "3.7"]
[White "Naumann, Alexander"]
[Black "Radovanovic, Nikola"]
[Result "1/2-1/2"]
[WhiteElo "2514"]
[BlackElo "2419"]
[PlyCount "45"]
[EventDate "2022.03.05"]
[EventType "team-tourn"]
[EventRounds "15"]
[EventCountry "GER"]
[SourceTitle "EXT 2023"]
[Source "ChessBase"]
[SourceDate "2022.10.05"]
[SourceVersion "1"]
[SourceVersionDate "2022.10.05"]
[SourceQuality "1"]
[WhiteTeam "Solingen"]
[BlackTeam "Muenchen 36"]
[WhiteTeamCountry "GER"]
[BlackTeamCountry "GER"]

1. d4 Nf6 2. c4 g6 3. g3 Bg7 4. Bg2 0-0 5. Nc3 d6 6. Nf3 Nc6 7. 0-0 e5 8. dxe5 dxe5 9. Bg5 h6 10. Qxd8 Rxd8 11. Bxf6 Bxf6 12. Nd5 Kg7 13. Nxc7 Rb8 14. Nd5 e4 15. Nd2 e3 16. fxe3 Bxb2 17. Rab1 Ba3 18. Rb3 Bc5 19. Ne4 Bf8 20. Rc1 b6 21. Nf2 Na5 22. Rbc3 Bb7 23. e4 1/2-1/2

[Event "AUT-chT 2122"]
[Site "Austria"]
[Date "2022.03.26"]
[Round "7.4"]
[White "Naumann, Alexander"]
[Black "Amann, Harald"]
[Result "1-0"]
[WhiteElo "2527"]
[BlackElo "1921"]
[PlyCount "39"]
[EventDate "2021.11.04"]
[EventType "team-tourn"]
[EventRounds "11"]
[EventCountry "AUT"]
[SourceTitle "EXT 2023"]
[Source "ChessBase"]
[SourceDate "2022.10.05"]
[SourceVersion "1"]
[SourceVersionDate "2022.10.05"]
[SourceQuality "1"]
[WhiteTeam "Maria Saal"]
[BlackTeam "Bregenz"]
[WhiteTeamCountry "AUT"]
[BlackTeamCountry "AUT"]

1. e4 c5 2. Nf3 Nc6 3. Bb5 Nd4 4. Nxd4 cxd4 5. 0-0 e6 6. d3 a6 7. Ba4 b5 8. Bb3 Bb7 9. Nd2 Ne7 10. f4 g6 11. Nf3 Bg7 12. Qe1 0-0 13. Bd2 Nc6 14. f5 exf5 15. exf5 d5 16. fxg6 hxg6 17. Ng5 Re8 18. Qh4 Ne5 19. Qh7+ Kf8 20. Bb4+ 1-0

[Event "AUT-chT 2122"]
[Site "Austria"]
[Date "2021.11.07"]
[Round "4.5"]
[White "Naumann, Alexander"]
[Black "Mesaros, Florian"]
[Result "0-1"]
[WhiteElo "2527"]
[BlackElo "2415"]
[PlyCount "92"]
[EventDate "2021.11.04"]
[EventType "team-tourn"]
[EventRounds "11"]
[EventCountry "AUT"]
[SourceTitle "CBM 205 Extra"]
[Source "ChessBase"]
[SourceDate "2022.01.31"]
[SourceVersion "1"]
[SourceVersionDate "2022.01.31"]
[SourceQuality "1"]
[WhiteTeam "Maria Saal"]
[BlackTeam "Fuerstenfeld/Hartberg"]
[WhiteTeamCountry "AUT"]
[BlackTeamCountry "AUT"]

1. e4 e5 2. Nf3 Nc6 3. Bb5 a6 4. Ba4 Nf6 5. 0-0 Be7 6. Re1 b5 7. Bb3 d6 8. c3 0-0 9. h3 Bb7 10. d4 Re8 11. Ng5 Rf8 12. Nf3 Re8 13. Nbd2 Bf8 14. a3 Nb8 15. Ng5 Re7 16. Ndf3 Nc6 17. Nxf7 Rxf7 18. Ng5 d5 19. exd5 Na5 20. Nxf7 Kxf7 21. d6+ Nxb3 22. Qxb3+ Bd5 23. dxc7 Qxc7 24. Qd1 exd4 25. Bg5 Qc6 26. Bxf6 gxf6 27. Qh5+ Kg7 28. cxd4 Bd6 29. Rac1 Qb7 30. f3 Rg8 31. Qf5 Rd8 32. Re3 Qa7 33. Kh1 Bf7 34. Re4 Bg6 35. Rg4 Qd7 36. Qxd7+ Rxd7 37. d5 Be5 38. f4 Bxb2 39. Rb1 Bxa3 40. f5 Rxd5 41. fxg6 hxg6 42. Ra1 Bd6 43. Kg1 f5 44. Rh4 a5 45. Kf2 a4 46. Ke2 a3 0-1

[Event "Bundesliga 1920"]
[Site "Germany"]
[Date "2021.10.15"]
[Round "11.6"]
[White "Coenen, Norbert"]
[Black "Naumann, Alexander"]
[Result "0-1"]
[WhiteElo "2293"]
[BlackElo "2543"]
[PlyCount "46"]
[EventDate "2019.11.23"]
[EventType "team-tourn"]
[EventRounds "15"]
[EventCountry "GER"]
[SourceTitle "EXT 2022"]
[Source "ChessBase"]
[SourceDate "2021.10.06"]
[SourceVersion "1"]
[SourceVersionDate "2021.10.06"]
[SourceQuality "1"]
[WhiteTeam "Aachen"]
[BlackTeam "Solingen"]
[WhiteTeamCountry "GER"]
[BlackTeamCountry "GER"]

1. e4 c5 2. Nf3 d6 3. Bb5+ Nd7 4. a4 Ngf6 5. Nc3 g6 6. d4 cxd4 7. Qxd4 Bg7 8. Bg5 0-0 9. Qe3 a6 10. Bxd7 Bxd7 11. a5 Rc8 12. Nd4 Rc4 13. Nb3 Ng4 14. Qd3 Bb5 15. Nxb5 axb5 16. c3 Qd7 17. f3 Ne5 18. Qd2 b4 19. Nd4 bxc3 20. bxc3 Rfc8 21. Ne2 Rxc3 22. 0-0 Rc2 23. Qd1 Nxf3+ 0-1

[Event "Loeberitz Honorary Award"]
[Site "Loeberitz"]
[Date "2021.06.20"]
[Round "5"]
[White "Naumann, Alexander"]
[Black "Meissner, Felix"]
[Result "1/2-1/2"]
[WhiteElo "2533"]
[BlackElo "2362"]
[PlyCount "99"]
[EventDate "2021.06.18"]
[EventType "tourn"]
[EventRounds "5"]
[EventCountry "GER"]
[EventCategory "8"]
[SourceTitle "CBM 203 Extra"]
[Source "ChessBase"]
[SourceDate "2021.09.30"]
[SourceVersion "1"]
[SourceVersionDate "2021.09.30"]
[SourceQuality "1"]

1. Nf3 Nf6 2. c4 e6 3. g3 d5 4. d4 Bb4+ 5. Bd2 Be7 6. Bg2 0-0 7. 0-0 Nbd7 8. Qc2 Ne4 9. Nc3 Nxd2 10. Nxd2 dxc4 11. Nxc4 Nb6 12. Qd3 Nxc4 13. Qxc4 c6 14. Rfd1 Qb6 15. Na4 Qc7 16. Rac1 Rb8 17. Qc3 Rd8 18. e3 Bd7 19. Nc5 Be8 20. b4 a6 21. f4 Ra8 22. Qb3 Bf6 23. a4 Ra7 24. b5 axb5 25. axb5 Qe7 26. bxc6 Bxc6 27. Bxc6 bxc6 28. Rd3 h5 29. Qb6 Ra2 30. Qxc6 Qa7 31. Ne4 Rb8 32. Rc2 Rxc2 33. Qxc2 Qa1+ 34. Rd1 Qa3 35. Qf2 Be7 36. Re1 Rb2 37. Re2 Rb1+ 38. Kg2 Qd3 39. Qf3 g6 40. Nf2 Qa6 41. g4 hxg4 42. Nxg4 Qa1 43. Ne5 Rg1+ 44. Kh3 Qb1 45. Rg2 Re1 46. Re2 Rg1 47. Rg2 Re1 48. Re2 Rg1 49. Rg2 Re1 50. Rg3 1/2-1/2

[Event "Bundesliga 1920 final"]
[Site "Karlsruhe"]
[Date "2020.09.18"]
[Round "4.8"]
[White "Naiditsch, Arkadij"]
[Black "Naumann, Alexander"]
[Result "1/2-1/2"]
[WhiteElo "2624"]
[BlackElo "2539"]
[PlyCount "67"]
[EventDate "2020.09.16"]
[EventType "team-tourn"]
[EventRounds "7"]
[EventCountry "GER"]
[SourceTitle "CBM 198 Extra"]
[Source "ChessBase"]
[SourceDate "2020.11.30"]
[SourceVersion "1"]
[SourceVersionDate "2020.11.30"]
[SourceQuality "1"]
[WhiteTeam "Baden-Baden"]
[BlackTeam "Solingen"]
[WhiteTeamCountry "GER"]
[BlackTeamCountry "GER"]

1. e4 c5 2. Nf3 e6 3. d4 cxd4 4. Nxd4 Nc6 5. Nc3 Qc7 6. a3 a6 7. Be3 b5 8. Nxc6 Qxc6 9. Qd4 Bb7 10. 0-0-0 Rc8 11. Bd3 Nf6 12. Rhe1 Bc5 13. Qxc5 Qxc5 14. Bxc5 Rxc5 15. Bf1 Ke7 16. Rd4 Rhc8 17. f3 d5 18. e5 Nd7 19. Bd3 g5 20. a4 bxa4 21. Nxa4 R5c7 22. Kd2 a5 23. Nc3 Bc6 24. h4 h6 25. hxg5 hxg5 26. Rg4 Rg8 27. f4 Rb7 28. b3 Rb4 29. g3 a4 30. bxa4 Bxa4 31. Ra1 Nxe5 32. fxe5 Rxg4 33. Rxa4 Rxa4 34. Nxa4 1/2-1/2

[Event "Titled Tuesday intern op 19th May"]
[Site "Chess.com INT"]
[Date "2020.05.19"]
[Round "3"]
[White "Ali Marandi, Cemil Can"]
[Black "Naumann, Alexander"]
[Result "1-0"]
[WhiteElo "2543"]
[BlackElo "2539"]
[PlyCount "65"]
[EventDate "2020.05.19"]
[EventType "swiss (blitz)"]
[EventRounds "10"]
[EventCountry "USA"]
[SourceTitle "EXT 2021"]
[Source "ChessBase"]
[SourceDate "2020.10.23"]
[SourceVersion "1"]
[SourceVersionDate "2020.10.23"]
[SourceQuality "1"]

1. d4 Nf6 2. Bg5 c5 3. Nc3 cxd4 4. Qxd4 Nc6 5. Qh4 e6 6. 0-0-0 Be7 7. e4 h6 8. Nf3 Qa5 9. Kb1 d6 10. Bd2 Qc7 11. Bd3 a6 12. Rhe1 b5 13. Qg3 Bb7 14. Nd5 exd5 15. exd5 Ne5 16. Nxe5 dxe5 17. Rxe5 Kf8 18. Bf4 Bd6 19. Rde1 Bxe5 20. Bxe5 Qd7 21. Bd6+ Kg8 22. Re7 Re8 23. Qe5 Rxe7 24. Bxe7 Nxd5 25. Bc5 f6 26. Qb8+ Qc8 27. Qd6 Kf7 28. b4 Rd8 29. Qg3 Nc3+ 30. Ka1 Qe6 31. Qg6+ Kg8 32. Qh7+ Kf7 33. Bg6# 1-0

[Event "Titled Tuesday intern op 19th May"]
[Site "Chess.com INT"]
[Date "2020.05.19"]
[Round "1"]
[White "Naumann, Alexander"]
[Black "Peatman, Carter F"]
[Result "1-0"]
[WhiteElo "2539"]
[BlackElo "1963"]
[PlyCount "160"]
[EventDate "2020.05.19"]
[EventType "swiss (blitz)"]
[EventRounds "10"]
[EventCountry "USA"]
[SourceTitle "EXT 2021"]
[Source "ChessBase"]
[SourceDate "2020.10.23"]
[SourceVersion "1"]
[SourceVersionDate "2020.10.23"]
[SourceQuality "1"]

1. e4 e5 2. Nf3 Nf6 3. Nxe5 d6 4. Nc4 Nxe4 5. Qe2 Qe7 6. Ne3 Nf6 7. b3 Bd7 8. Bb2 c6 9. g3 d5 10. Bg2 Qe6 11. c4 dxc4 12. bxc4 Bb4 13. 0-0 0-0 14. d4 Re8 15. Nc3 Qe7 16. a3 Ba5 17. Qd3 Qd6 18. Rad1 Be6 19. d5 cxd5 20. cxd5 Bd7 21. Nc4 Qa6 22. Nxa5 Qxa5 23. Rfe1 Na6 24. d6 Nc5 25. Qd4 Bg4 26. f3 Bf5 27. Re7 Ne6 28. Qb4 Qxb4 29. axb4 Rad8 30. Rxe8+ Nxe8 31. g4 Bc2 32. Rd2 Bb3 33. Ne4 Ba4 34. Nc5 Bc6 35. Nxe6 fxe6 36. Be5 Nf6 37. Kf2 Nd5 38. Kg3 Nxb4 39. h4 Nd5 40. f4 a5 41. f5 Kf7 42. fxe6+ Kxe6 43. Re2 Kf7 44. Rf2+ Ke6 45. Re2 Kf7 46. h5 a4 47. g5 g6 48. h6 a3 49. Bh3 Bd7 50. Rf2+ Kg8 51. Bg2 Bc6 52. Ra2 Nb6 53. Bxc6 Nc4 54. Bd5+ Kf8 55. Bxc4 Ke8 56. Rf2 Kd7 57. Bb5+ Ke6 58. Re2 Kd5 59. Bf4 Kc5 60. Bd3 Kd4 61. Bb1 Kc3 62. Rc2+ Kb3 63. Rd2 b5 64. Ba2+ Kc3 65. d7 b4 66. Bc7 Rxd7 67. Rxd7 b3 68. Bxb3 Kxb3 69. Be5 a2 70. Bf6 Kc2 71. Rc7+ Kd3 72. Ra7 Ke4 73. Rxa2 Kf5 74. Ra7 Ke6 75. Rxh7 Kf5 76. Rg7 Ke6 77. Rxg6 Kf5 78. Rg7 Ke6 79. h7 Kf5 80. h8Q Ke6 1-0

[Event "Titled Tuesday intern op 5th May"]
[Site "Chess.com INT"]
[Date "2020.05.05"]
[Round "8"]
[White "Chan, Yi Ren Daniel"]
[Black "Naumann, Alexander"]
[Result "1-0"]
[WhiteElo "2316"]
[BlackElo "2539"]
[PlyCount "61"]
[EventDate "2020.05.05"]
[EventType "swiss (blitz)"]
[EventRounds "10"]
[EventCountry "USA"]
[SourceTitle "CBM 196 Extra"]
[Source "ChessBase"]
[SourceDate "2020.07.31"]
[SourceVersion "1"]
[SourceVersionDate "2020.07.31"]
[SourceQuality "1"]

1. d4 Nf6 2. Bf4 g6 3. Nc3 d5 4. e3 Bg7 5. h4 c6 6. Nf3 Bg4 7. Be2 Nbd7 8. Ne5 Bxe2 9. Qxe2 Nxe5 10. Bxe5 h5 11. 0-0-0 Qa5 12. Kb1 0-0-0 13. f3 Rhe8 14. a3 Bh8 15. Bh2 Nd7 16. e4 e6 17. Qe3 Nb6 18. Qf4 e5 19. Qxf7 Nc4 20. exd5 cxd5 21. Qxg6 Nxa3+ 22. bxa3 Qxc3 23. Rd3 Qc6 24. Qf5+ Rd7 25. dxe5 Re6 26. Rhd1 Qb5+ 27. Rb3 Qc6 28. Rdd3 d4 29. Qxh5 Bg7 30. Qf5 Rc7 31. Rxd4 1-0

[Event "Titled Tuesday intern op 5th May"]
[Site "Chess.com INT"]
[Date "2020.05.05"]
[Round "5"]
[White "Naumann, Alexander"]
[Black "Fedoseev, Vladimir1"]
[Result "1-0"]
[WhiteElo "2539"]
[BlackElo "2678"]
[PlyCount "99"]
[EventDate "2020.05.05"]
[EventType "swiss (blitz)"]
[EventRounds "10"]
[EventCountry "USA"]
[SourceTitle "CBM 196 Extra"]
[Source "ChessBase"]
[SourceDate "2020.07.31"]
[SourceVersion "1"]
[SourceVersionDate "2020.07.31"]
[SourceQuality "1"]

1. e4 c5 2. Nf3 d6 3. d4 cxd4 4. Nxd4 Nf6 5. Nc3 a6 6. Be3 e5 7. Nb3 Be6 8. f3 h5 9. Nd5 Nxd5 10. exd5 Bc8 11. Bd3 g6 12. c4 b6 13. 0-0 Nd7 14. f4 Bh6 15. Qd2 exf4 16. Bxf4 Bxf4 17. Rxf4 Ne5 18. Raf1 Qg5 19. Nd4 0-0 20. Nf3 Nxf3+ 21. R1xf3 Bg4 22. Rf1 Rae8 23. Qf2 Re7 24. Qxb6 Be2 25. Bxe2 Rxe2 26. R4f2 Qg4 27. b3 h4 28. Qxd6 Rxf2 29. Rxf2 Re8 30. h3 Re1+ 31. Kh2 Qd1 32. Qd8+ Kg7 33. Qf6+ Kh7 34. Qxf7+ Kh6 35. Qf4+ Kh5 36. Qf3+ Qxf3 37. Rxf3 Rd1 38. Rf6 a5 39. d6 Kg5 40. Rf7 Rxd6 41. Ra7 Rd2 42. Rxa5+ Kf4 43. Ra8 Rc2 44. a4 Rc3 45. a5 Rxb3 46. a6 Ra3 47. a7 Kg5 48. c5 Ra6 49. c6 Rxc6 50. Rb8 1-0